The Old Clickable Get Smart Quiz Trick Stats

Quiz not verified by Sporcle

Challenge
Share
Tweet
Embed
Score 0/28 Timer 05:00
0 Plays Today
% Correct
dressed up like cops in order to fool CONTROL agent and old army buddy trick
69%
shoe trick
66.1%
switch places with the admiral trick
65.2%
match against the sounding board trick
64.9%
window shade trick
63.9%
tuxedo
62.9%
supply room trick
61%
bookcase trick
59.4%
keyhole trick
51.6%
14th hole trick
51.6%
gun trick
50.8%
alley trick
49.1%
brown beard and wig trick
48.4%
fake nose trick
46.4%
% Correct
carwash trick
41.9%
deception trick
41.7%
snack truck trick
40.9%
toupee trick
40.4%
belt buckle trick
35.7%
drapes trick
35.2%
pattycake trick
33.6%
gun in the rabbit trick
30.3%
hammer trick
27.7%
fire escape trick
27.1%
horoscope trick
25%
squeegee trick
24.2%
roll trick
17.4%
trailer trick
12.4%

You're not logged in!

Compare scores with friends on all Sporcle quizzes.
Join for Free
OR
Log In

You Might Also Like...

Show Comments

Extras

Top Quizzes Today


Score Distribution

Your Account Isn't Verified!

In order to create a playlist on Sporcle, you need to verify the email address you used during registration. Go to your Sporcle Settings to finish the process.

Report this User

Report this user for behavior that violates our Community Guidelines.

Details: